30 entreprises québécoises selon le nombre d'employés - Statistiques

Statistiques générales
  • Ce quiz a été pris 15 fois
  • Le résultat moyen est 5 sur 30
Statistiques - réponses
Classement Nb d'employés à
temps plein au
Québec en 2024
Nom de
l'entreprise
% Correct
8 10 000 Bombardier
60%
27 4 585 Bombardier Recreational Products
60%
3 29 439 Metro
60%
2 35 609 Sobeys
60%
20 5 190 Alimentation Couche-Tard
40%
1 45 012 Desjardins
40%
5 15 821 Banque Nationale du Canada
30%
15 5 761 IA Groupe financier
30%
13 6 379 Costco Canada
20%
4 23 144 Hydro-Québec
20%
12 6 423 Intact Corporation financière
20%
14 6 000 Telus
20%
26 4 597 Ubisoft
20%
18 5 486 Beneva
10%
11 6 958 Québecor
10%
25 4 611 Société de l'assurance automobile du Québec
10%
19 5 403 Société des alcools du Québec
10%
28 4 500 Airbus Canada
0%
23 4 700 Banque TD (Groupe)
0%
24 4 689 CAE
0%
30 4 370 Cascades
0%
16 5 750 CGI
0%
29 4 423 Cogir Immobilier
0%
21 5 000 Domtar
0%
17 5 718 Familiprix
0%
22 4 775 Foodtastic
0%
6 12 000 GardaWorld
0%
10 7 592 Rio Tinto
0%
7 10 603 Société de transport de Montréal
0%
9 9 393 Sollio Groupe Coopératif
0%
Aucun quiz correspondant
Distribution des résultats
% des personnes avec chaque résultat
Percentile par nombre de réponses
Votre historique - résultats
Vous n’avez pas pris ce quiz